Kanye West Samples - Statistics

General Stats
  • This quiz has been taken 826 times
  • The average score is 7 of 15
Answer Stats
Hint Answer % Correct
Harder Better Faster Stronger by Daft Punk Stronger
92%
Bound by The Ponderosa Twins Plus One Bound 2
87%
Try A Little Tenderness by Otis Redding Otis
83%
Diamonds are Forever by Shirley Bassey Diamonds From Sierra Leone
78%
Strange Fruit by Nina Simone Blood On The Leaves
60%
My Song by Labi Siffre I Wonder
58%
I've Got a Woman by Ray Charles Gold Digger
57%
Mystery of Iniquity by Lauryn Hill All Falls Down
56%
Move on Up by Curtis Mayfield Touch The Sky
37%
Kid Charlemagne by Steely Dan Champion
32%
Someone Saved My Life Tonight by Elton John Good Morning
32%
It's Too Late by Otis Redding Gone
22%
Memories Fade by Tears for Fears Coldest Winter
18%
Sing Swan Song by Can Drunk and Hot Girls
17%
See-Line Woman by Nina Simone Bad News
4%
No matching quizzes found
Score Distribution
Percent of People with Each Score
Percentile by Number Answered
Your Score History
You have not taken this quiz